| 000 | 00360nam a22001577a 4500 | ||
|---|---|---|---|
| 005 | 20180413121457.0 | ||
| 008 | 160511b xxu||||| |||| 00| 0 eng d | ||
| 041 | _aeng | ||
| 082 |
_b1333 _a348 |
||
| 100 |
_aShukla T N _94271 |
||
| 245 | _aSale of goods Act, 1930 | ||
| 260 |
_bKamal law house _c2009 |
||
| 300 | _a28 | ||
| 650 |
_aManagement _9241 |
||
| 942 | _cBK | ||
| 999 |
_c593 _d593 |
||